00573cam a2200181 a 450000100100000000500170001000800410002704000290006808200180009710000380011524500630015326000480021630000270026449000250029165000240031665000260034083000250036600001940920200929170017.0801118s1954 ag b 000 0 spa d aDO-SdBNPbspacLCdBNPHU a864.64bG216e1 aGarcía Mercadal, Jóse,d1883-10aEstudiantes, sopistas y pícaros /cJ. García Mercadal. aArgentina :bEspasa-Calpe Argentina,c1954. a212, [16] p. ;c18 cm.1 aAustral. Verdev1180 4aEnsayos españoles 4aLiteratura española 0aAustralpverdev1180